Faculty of Law Library — Cairo University

Official Online Catalog

Grands arrêts de la Cour de justice des Communautés européennes / (Record no. 70244)

MARC details
000 -LEADER
fixed length control field 01757cam a2200421 i 4500
001 - CONTROL NUMBER
control field 323170
003 - CONTROL NUMBER IDENTIFIER
control field EG-GICUC
005 - DATE AND TIME OF LATEST TRANSACTION
control field 20260412143711.0
008 - FIXED-LENGTH DATA ELEMENTS--GENERAL INFORMATION
fixed length control field 750106s1991 fr frw 001 0 fre
020 ## - INTERNATIONAL STANDARD BOOK NUMBER
International Standard Book Number 9782247003402
035 ## - SYSTEM CONTROL NUMBER
System control number 323170
040 ## - CATALOGING SOURCE
Original cataloging agency DLC
Transcribing agency EG-GICUC
Modifying agency DLCEG-GICUC
Language of cataloging fre
Description conventions Rda
043 ## - GEOGRAPHIC AREA CODE
Geographic area code fr#
082 00 - DEWEY DECIMAL CLASSIFICATION NUMBER
Classification number 341.5110407
Edition number 21
Item number B O . G
092 04 - LOCALLY ASSIGNED DEWEY CALL NUMBER (OCLC)
Edition number 21
Classification number 341.5110407
099 ## - LOCAL FREE-TEXT CALL NUMBER (OCLC)
Classification number Law1 11 341.5110407 B O . G 5 ed - 1991 V1
100 1# - MAIN ENTRY--PERSONAL NAME
Personal name Boulouis, Jean.
245 10 - TITLE STATEMENT
Title Grands arrêts de la Cour de justice des Communautés européennes /
Statement of responsibility, etc. Jean Boulouis, Roger-Michel Chevallier.
Number of part/section of a work Tome 1
250 ## - EDITION STATEMENT
Edition statement Edition 5
300 ## - PHYSICAL DESCRIPTION
Extent V2 , 470 pages;
Dimensions 22 cm.
Other physical details illustration ;
336 ## - CONTENT TYPE
Content type term text
Content type code txt
Source rdacontent
337 ## - MEDIA TYPE
Media type term unmediated
Media type code n
Source rdamedia
338 ## - CARRIER TYPE
Carrier type term volume
Carrier type code nc
Source rdacarrier
500 ## - GENERAL NOTE
General note Includes various editions of some volumes.
504 ## - BIBLIOGRAPHY, ETC. NOTE
Bibliography, etc. note Includes bibliographies and indexes.
505 0# - FORMATTED CONTENTS NOTE
Formatted contents note 1. Caractères généraux du droit communautaire, droit institutionnel, contrôle juridictionnel.--t. 2. Libre circulation des marchandises, des personnes, des services et des capitaux. Concurrence. Dispositions fiscales. Agriculture. Transports. Politiques économique, commerciale, sociale.
650 #0 - SUBJECT ADDED ENTRY--TOPICAL TERM
Topical term or geographic name entry element Law reports, digests, etc.
Geographic subdivision European Economic Community countries.
Source of heading or term qrmak
650 #0 - SUBJECT ADDED ENTRY--TOPICAL TERM
Topical term or geographic name entry element Tribunaux internationaux
651 1# - SUBJECT ADDED ENTRY--GEOGRAPHIC NAME
Source of heading or term qrmak
700 1# - ADDED ENTRY--PERSONAL NAME
Personal name Chevallier, Roger-Michel,
Relator term
856 40 - ELECTRONIC LOCATION AND ACCESS
Uniform Resource Identifier <a href="https://fll.law.cu.edu.eg/fulltext/bks/B11-08948.pdf">https://fll.law.cu.edu.eg/fulltext/bks/B11-08948.pdf</a>
905 ## - Cataloger and Reviser Names
Cataloger Name: Nermin
906 ## - LOCAL DATA ELEMENT F, LDF (RLIN)
a 7
b cbc
c orignew
d 3
e ncip
f 19
g y-gencatlg
942 ## - ADDED ENTRY ELEMENTS (KOHA)
Source of classification or shelving scheme Dewey Decimal Classification
Koha item type Books
Edition 21
Suppress in OPAC No
Holdings
Withdrawn status Lost status Source of classification or shelving scheme Materials specified (bound volume or other part) Damaged status Not for loan Collection Home library Current library Date acquired Total checkouts Full call number Barcode Date last seen Copy number Price effective from Koha item type
    Dewey Decimal Classification V1   Not for loan القانون الدولي العام جــــامعة القــاهرة مكتبة كلية الحقوق - المبنى الرئيسي 12.04.2026   Law1 11 341.5110407 B O . G 5 ed - 1991 1108948 V1 C1 B11-08948 12.04.2026 1 12.04.2026 Books

© All rights reserved — Faculty of Law, Cairo University